000 00467nam a22001817a 4500
003 MPLRDC
005 20220104124413.0
008 210129b ||||| |||| 00| 0 eng d
020 _a7-5346-0856-2
082 _a859.4 YBH v.3
100 _a俞伯洪编辑
245 _a彩图世界动物故事. 惊奇卷
_c
250 _a一版一刷
260 _a
_b江苏少年儿童出版社
_c1991
300 _b
650 _a动物故事
942 _cBK
_o859.4 YBH v.3
999 _c19065
_d19055